Statistics for Top Irish Players in EA FC 24

Click here to take the quiz!

General Stats

  • This quiz has been taken 9 times
  • The average score is 7 of 10

Answer Stats

HintAnswerRatingClubChange from Fifa 23% Correct
8Caoimhín KelleherLiverpool730
100%
5Evan FergusonBrighton & Hove Albion74+1
100%
3Matt DohertyWolverhampton Wanderers75-2
86%
1Nathan CollinsBrentford76+1
86%
3Séamus ColemanEverton75-1
86%
5John EganSheffield United740
71%
1Josh CullenBurnley76+1
57%
8Shane DuffyNorwich City73-1
57%
8Darragh LenihanMiddlesbrough730
43%
5Ryan ManningSouthampton74+3
43%

Score Distribution

Percentile by Number Answered

Percent of People with Each Score

Your Score History

You have not taken this quiz